[Event "14e Tournoi des 55 ans et plus de Muret"]
[Site "MURET (31)"]
[Date "2015.06.22"]
[Round "6.10"]
[White "†, Mario"]
[Black "Koenig, Joel"]
[Result "1/2-1/2"]
[WhiteElo "1612"]
[BlackElo "1854"]
[Annotator ",cash31"]
[PlyCount "111"]
[EventDate "2015.??.??"]

1. e4 {[%emt 0:00:00]} Nc6 {[%emt 0:00:00]} 2. d4 {[%emt 0:00:00]} d5 {
[%emt 0:00:00]} 3. e5 {[%emt 0:00:00]} Bf5 {[%emt 0:00:00]} 4. Bb5 {
[%emt 0:00:00]} e6 {[%emt 0:00:00]} 5. g4 {[%emt 0:00:00]} Be4 {[%emt 0:00:00]}
6. f3 {[%emt 0:00:00]} Qh4+ {[%emt 0:00:00]} 7. Kf1 {[%emt 0:00:00]} Bg6 {
[%emt 0:00:00]} 8. c3 {[%emt 0:00:00]} f5 {[%emt 0:00:00]} 9. exf6 {
[%emt 0:00:00]} Nxf6 {[%emt 0:00:00]} 10. Qe2 {[%emt 0:00:00]} Bf7 {
[%emt 0:00:00]} 11. Qf2 {[%emt 0:00:00]} Qxf2+ {[%emt 0:00:00]} 12. Kxf2 {
[%emt 0:00:00]} Bd6 {[%emt 0:00:00]} 13. Ne2 {[%emt 0:00:00]} O-O {
[%emt 0:00:00]} 14. Kg2 {[%emt 0:00:00]} e5 {[%emt 0:00:00]} 15. Bxc6 {
[%emt 0:00:00]} bxc6 {[%emt 0:00:00]} 16. Bg5 {[%emt 0:00:00]} Bg6 {
[%emt 0:00:00]} 17. Nd2 {[%emt 0:00:00]} e4 {[%emt 0:00:00]} 18. h3 {
[%emt 0:00:00]} exf3+ {[%emt 0:00:00]} 19. Nxf3 {[%emt 0:00:00]} Be4 {
[%emt 0:00:00]} 20. Rhf1 {[%emt 0:00:00]} a5 {[%emt 0:00:00]} 21. Kg1 {
[%emt 0:00:00]} a4 {[%emt 0:00:00]} 22. Ne5 {[%emt 0:00:00]} Bxe5 {
[%emt 0:00:00]} 23. dxe5 {[%emt 0:00:00]} Nd7 {[%emt 0:00:00]} 24. Rxf8+ {
[%emt 0:00:00]} Rxf8 {[%emt 0:00:00]} 25. Nd4 {[%emt 0:00:00]} Nxe5 {
[%emt 0:00:00]} 26. Rf1 {[%emt 0:00:00]} Rb8 {[%emt 0:00:00]} 27. Bf4 {
[%emt 0:00:00]} Ng6 {[%emt 0:00:00]} 28. Bc1 {[%emt 0:00:00]} c5 {
[%emt 0:00:00]} 29. Ne6 {[%emt 0:00:00]} c4 {[%emt 0:00:00]} 30. Nxc7 {
[%emt 0:00:00]} Nh4 {[%emt 0:00:00]} 31. Na6 {[%emt 0:00:00]} Rb6 {
[%emt 0:00:00]} 32. Nc5 {[%emt 0:00:00]} Nf3+ {[%emt 0:00:00]} 33. Kf2 {
[%emt 0:00:00]} Nh2 {[%emt 0:00:00]} 34. Re1 {[%emt 0:00:00]} Rf6+ {
[%emt 0:00:00]} 35. Kg3 {[%emt 0:00:00]} Nf1+ {[%emt 0:00:00]} 36. Kh4 {
[%emt 0:00:00]} Bg6 {[%emt 0:00:00]} 37. Ne6 {[%emt 0:00:00]} h6 {
[%emt 0:00:00]} 38. g5 {[%emt 0:00:00]} Rf3 {[%emt 0:00:00]} 39. Nd4 {
[%emt 0:00:00]} Rf2 {[%emt 0:00:00]} 40. gxh6 {[%emt 0:00:00]} Be4 {
[%emt 0:00:00]} 41. hxg7 {[%emt 0:00:00]} Kxg7 {[%emt 0:00:00]} 42. Ne6+ {
[%emt 0:00:00]} Kg6 {[%emt 0:00:00]} 43. Ng5 {[%emt 0:00:00]} Kf5 {
[%emt 0:00:00]} 44. a3 {[%emt 0:00:00]} Nh2 {[%emt 0:00:00]} 45. Nxe4 {
[%emt 0:00:00]} dxe4 {[%emt 0:00:00]} 46. Kg3 {[%emt 0:00:00]} Rc2 {
[%emt 0:00:00]} 47. h4 {[%emt 0:00:00]} Nf3 {[%emt 0:00:00]} 48. Rf1 {
[%emt 0:00:00]} Kg6 {[%emt 0:00:00]} 49. Kf4 {[%emt 0:00:00]} Re2 {
[%emt 0:00:00]} 50. Rh1 {[%emt 0:00:00]} Kh5 {[%emt 0:00:00]} 51. Rf1 {
[%emt 0:00:00]} Ne1 {[%emt 0:00:00]} 52. Kg3 {[%emt 0:00:00]} Nd3 {
[%emt 0:00:00]} 53. Bg5 {[%emt 0:00:00]} Kg6 {[%emt 0:00:00]} 54. Rf6+ {
[%emt 0:00:00]} Kg7 {[%emt 0:00:00]} 55. h5 {[%emt 0:00:00]} Re1 {
[%emt 0:00:00]} 56. Rg6+ {[%emt 0:00:00]} 1/2-1/2


*

[Event "14e Tournoi des 55 ans et plus de Muret"]
[Site "MURET (31)"]
[Date "2015.06.22"]
[Round "6.11"]
[White "Auge, Jean"]
[Black "Lamory, Jacques"]
[Result "1-0"]
[WhiteElo "1745"]
[BlackElo "1170"]
[Annotator ",cash31"]
[PlyCount "41"]
[EventDate "2015.??.??"]

1. e4 {[%emt 0:00:00]} c6 {[%emt 0:00:00]} 2. d4 {[%emt 0:00:00]} d5 {
[%emt 0:00:00]} 3. Bd3 {[%emt 0:00:00]} Nf6 {[%emt 0:00:00]} 4. e5 {
[%emt 0:00:00]} Ng8 {[%emt 0:00:00]} 5. f4 {[%emt 0:00:00]} f5 {[%emt 0:00:00]}
6. Be3 {[%emt 0:00:00]} Na6 {[%emt 0:00:00]} 7. c3 {[%emt 0:00:00]} Qc7 {
[%emt 0:00:00]} 8. Nd2 {[%emt 0:00:00]} Nh6 {[%emt 0:00:00]} 9. h3 {
[%emt 0:00:00]} Bd7 {[%emt 0:00:00]} 10. Qe2 {[%emt 0:00:00]} c5 {
[%emt 0:00:00]} 11. Bxa6 {[%emt 0:00:00]} bxa6 {[%emt 0:00:00]} 12. dxc5 {
[%emt 0:00:00]} Bb5 {[%emt 0:00:00]} 13. Qf2 {[%emt 0:00:00]} e6 {
[%emt 0:00:00]} 14. Ngf3 {[%emt 0:00:00]} Be7 {[%emt 0:00:00]} 15. a4 {
[%emt 0:00:00]} Bc6 {[%emt 0:00:00]} 16. Nd4 {[%emt 0:00:00]} Rb8 {
[%emt 0:00:00]} 17. Nxe6 {[%emt 0:00:00]} Qb7 {[%emt 0:00:00]} 18. b4 {
[%emt 0:00:00]} g6 {[%emt 0:00:00]} 19. Nd4 {[%emt 0:00:00]} Rc8 {
[%emt 0:00:00]} 20. N2f3 {[%emt 0:00:00]} Bd7 {[%emt 0:00:00]} 21. Ne6 {
[%emt 0:00:00]} 1-0

*

[Event "14e Tournoi des 55 ans et plus de Muret"]
[Site "MURET (31)"]
[Date "2015.06.22"]
[Round "6.12"]
[White "Orlovic, Lucie"]
[Black "De Biasi, Robert"]
[Result "0-1"]
[WhiteElo "1019"]
[BlackElo "1603"]
[Annotator ",cash31"]
[PlyCount "76"]
[EventDate "2015.??.??"]

1. e4 {[%emt 0:00:00]} g6 {[%emt 0:00:00]} 2. d4 {[%emt 0:00:00]} Bg7 {
[%emt 0:00:00]} 3. Nf3 {[%emt 0:00:00]} d6 {[%emt 0:00:00]} 4. c3 {
[%emt 0:00:00]} Nf6 {[%emt 0:00:00]} 5. Bd3 {[%emt 0:00:00]} O-O {
[%emt 0:00:00]} 6. h3 {[%emt 0:00:00]} Nbd7 {[%emt 0:00:00]} 7. O-O {
[%emt 0:00:00]} c5 {[%emt 0:00:00]} 8. d5 {[%emt 0:00:00]} a6 {[%emt 0:00:00]}
9. c4 {[%emt 0:00:00]} Nb6 {[%emt 0:00:00]} 10. Nc3 {[%emt 0:00:00]} Re8 {
[%emt 0:00:00]} 11. Bg5 {[%emt 0:00:00]} Nh5 {[%emt 0:00:00]} 12. Be3 {
[%emt 0:00:00]} Nd7 {[%emt 0:00:00]} 13. Qd2 {[%emt 0:00:00]} Ne5 {
[%emt 0:00:00]} 14. Nxe5 {[%emt 0:00:00]} Bxe5 {[%emt 0:00:00]} 15. b3 {
[%emt 0:00:00]} Bd7 {[%emt 0:00:00]} 16. Be2 {[%emt 0:00:00]} Ng7 {
[%emt 0:00:00]} 17. a4 {[%emt 0:00:00]} f5 {[%emt 0:00:00]} 18. Bf4 {
[%emt 0:00:00]} Bf6 {[%emt 0:00:00]} 19. Qe3 {[%emt 0:00:00]} fxe4 {
[%emt 0:00:00]} 20. Nxe4 {[%emt 0:00:00]} Bxa1 {[%emt 0:00:00]} 21. Rxa1 {
[%emt 0:00:00]} Nf5 {[%emt 0:00:00]} 22. Qf3 {[%emt 0:00:00]} Nd4 {
[%emt 0:00:00]} 23. Qd3 {[%emt 0:00:00]} Rf8 {[%emt 0:00:00]} 24. Bh6 {
[%emt 0:00:00]} Nxe2+ {[%emt 0:00:00]} 25. Qxe2 {[%emt 0:00:00]} Rf5 {
[%emt 0:00:00]} 26. Rf1 {[%emt 0:00:00]} Re5 {[%emt 0:00:00]} 27. Re1 {
[%emt 0:00:00]} e6 {[%emt 0:00:00]} 28. Qf3 {[%emt 0:00:00]} Rf5 {
[%emt 0:00:00]} 29. Qg4 {[%emt 0:00:00]} Qe7 {[%emt 0:00:00]} 30. Ng5 {
[%emt 0:00:00]} e5 {[%emt 0:00:00]} 31. h4 {[%emt 0:00:00]} Rf4 {[%emt 0:00:00]
} 32. Qg3 {[%emt 0:00:00]} Bg4 {[%emt 0:00:00]} 33. Qh3 {[%emt 0:00:00]} Re4 {
[%emt 0:00:00]} 34. Nxe4 {[%emt 0:00:00]} Bxh3 {[%emt 0:00:00]} 35. gxh3 {
[%emt 0:00:00]} b5 {[%emt 0:00:00]} 36. Re3 {[%emt 0:00:00]} bxa4 {
[%emt 0:00:00]} 37. Re2 {[%emt 0:00:00]} axb3 {[%emt 0:00:00]} 38. Ng3 {
[%emt 0:00:00]} Qxh4 {[%emt 0:00:00]} 0-1

*

[Event "14e Tournoi des 55 ans et plus de Muret"]
[Site "MURET (31)"]
[Date "2015.06.22"]
[Round "7.2"]
[White "Riviere, Gerard"]
[Black "Ljubisavljevic, Zivojin Z"]
[Result "0-1"]
[WhiteElo "1837"]
[BlackElo "2195"]
[Annotator ",cash31"]
[PlyCount "54"]
[EventDate "2015.??.??"]

1. d4 {[%emt 0:00:00]} Nf6 {[%emt 0:00:00]} 2. c4 {[%emt 0:00:00]} e6 {
[%emt 0:00:00]} 3. Nf3 {[%emt 0:00:00]} c5 {[%emt 0:00:00]} 4. g3 {
[%emt 0:00:00]} d5 {[%emt 0:00:00]} 5. cxd5 {[%emt 0:00:00]} exd5 {
[%emt 0:00:00]} 6. Bg2 {[%emt 0:00:00]} Nc6 {[%emt 0:00:00]} 7. O-O {
[%emt 0:00:00]} c4 {[%emt 0:00:00]} 8. Nc3 {[%emt 0:00:00]} Be7 {[%emt 0:00:00]
} 9. Re1 {[%emt 0:00:00]} O-O {[%emt 0:00:00]} 10. Ne5 {[%emt 0:00:00]} Bf5 {
[%emt 0:00:00]} 11. Bg5 {[%emt 0:00:00]} Be6 {[%emt 0:00:00]} 12. e4 {
[%emt 0:00:00]} Nxe5 {[%emt 0:00:00]} 13. dxe5 {[%emt 0:00:00]} Nxe4 {
[%emt 0:00:00]} 14. Bxe7 {[%emt 0:00:00]} Nxc3 {[%emt 0:00:00]} 15. Bxd8 {
[%emt 0:00:00]} Nxd1 {[%emt 0:00:00]} 16. Be7 {[%emt 0:00:00]} Nxb2 {
[%emt 0:00:00]} 17. Bxf8 {[%emt 0:00:00]} Kxf8 {[%emt 0:00:00]} 18. Rab1 {
[%emt 0:00:00]} c3 {[%emt 0:00:00]} 19. Re2 {[%emt 0:00:00]} Rc8 {
[%emt 0:00:00]} 20. Rc1 {[%emt 0:00:00]} Nd3 {[%emt 0:00:00]} 21. Rcc2 {
[%emt 0:00:00]} Nb4 {[%emt 0:00:00]} 22. Rc1 {[%emt 0:00:00]} d4 {
[%emt 0:00:00]} 23. a3 {[%emt 0:00:00]} Na2 {[%emt 0:00:00]} 24. Rxa2 {
[%emt 0:00:00]} Bxa2 {[%emt 0:00:00]} 25. Be4 {[%emt 0:00:00]} b5 {
[%emt 0:00:00]} 26. f4 {[%emt 0:00:00]} a5 {[%emt 0:00:00]} 27. Kf2 {
[%emt 0:00:00]} b4 {[%emt 0:00:00]} 0-1

*

[Event "14e Tournoi des 55 ans et plus de Muret"]
[Site "MURET (31)"]
[Date "2015.06.22"]
[Round "7.3"]
[White "Milnes, Anthony C P"]
[Black "Ruch, Bernard"]
[Result "0-1"]
[WhiteElo "2022"]
[BlackElo "1981"]
[PlyCount "82"]
[EventDate "2015.??.??"]

1. f4 {[%emt 0:00:00]} d5 {[%emt 0:00:00]} 2. Nf3 {[%emt 0:00:00]} c5 {
[%emt 0:00:00]} 3. e3 {[%emt 0:00:00]} Nc6 {[%emt 0:00:00]} 4. Bb5 {
[%emt 0:00:00]} f6 {[%emt 0:00:00]} 5. O-O {[%emt 0:00:00]} e6 {[%emt 0:00:00]}
6. d3 {[%emt 0:00:00]} a6 {[%emt 0:00:00]} 7. Bxc6+ {[%emt 0:00:00]} bxc6 {
[%emt 0:00:00]} 8. e4 {[%emt 0:00:00]} Be7 {[%emt 0:00:00]} 9. Qe1 {
[%emt 0:00:00]} Nh6 {[%emt 0:00:00]} 10. Qg3 {[%emt 0:00:00]} O-O {
[%emt 0:00:00]} 11. Nc3 {[%emt 0:00:00]} Nf7 {[%emt 0:00:00]} 12. b3 {
[%emt 0:00:00]} e5 {[%emt 0:00:00]} 13. fxe5 {[%emt 0:00:00]} fxe5 {
[%emt 0:00:00]} 14. Na4 {[%emt 0:00:00]} c4 {[%emt 0:00:00]} 15. bxc4 {
[%emt 0:00:00]} dxc4 {[%emt 0:00:00]} 16. dxc4 {[%emt 0:00:00]} Be6 {
[%emt 0:00:00]} 17. Be3 {[%emt 0:00:00]} Qa5 {[%emt 0:00:00]} 18. Nb2 {
[%emt 0:00:00]} Qc3 {[%emt 0:00:00]} 19. Nd3 {[%emt 0:00:00]} Qxc4 {
[%emt 0:00:00]} 20. Nfxe5 {[%emt 0:00:00]} Qxe4 {[%emt 0:00:00]} 21. Nxf7 {
[%emt 0:00:00]} Bxf7 {[%emt 0:00:00]} 22. Qe5 {[%emt 0:00:00]} Qxe5 {
[%emt 0:00:00]} 23. Nxe5 {[%emt 0:00:00]} Bd5 {[%emt 0:00:00]} 24. c4 {
[%emt 0:00:00]} Be4 {[%emt 0:00:00]} 25. Nd7 {[%emt 0:00:00]} Rxf1+ {
[%emt 0:00:00]} 26. Rxf1 {[%emt 0:00:00]} Rd8 {[%emt 0:00:00]} 27. Nc5 {
[%emt 0:00:00]} Bd3 {[%emt 0:00:00]} 28. Nxd3 {[%emt 0:00:00]} Rxd3 {
[%emt 0:00:00]} 29. Kf2 {[%emt 0:00:00]} Ra3 {[%emt 0:00:00]} 30. Re1 {
[%emt 0:00:00]} Rxa2+ {[%emt 0:00:00]} 31. Re2 {[%emt 0:00:00]} Rxe2+ {
[%emt 0:00:00]} 32. Kxe2 {[%emt 0:00:00]} Kf7 {[%emt 0:00:00]} 33. Kd3 {
[%emt 0:00:00]} Ke6 {[%emt 0:00:00]} 34. Kc3 {[%emt 0:00:00]} a5 {
[%emt 0:00:00]} 35. Kb3 {[%emt 0:00:00]} Ke5 {[%emt 0:00:00]} 36. Bb6 {
[%emt 0:00:00]} Ke4 {[%emt 0:00:00]} 37. Ka4 {[%emt 0:00:00]} Kd3 {
[%emt 0:00:00]} 38. Kb3 {[%emt 0:00:00]} h5 {[%emt 0:00:00]} 39. h3 {
[%emt 0:00:00]} Bf6 {[%emt 0:00:00]} 40. Bc7 {[%emt 0:00:00]} Bc3 {
[%emt 0:00:00]} 41. Bd8 {[%emt 0:00:00]} a4+ {[%emt 0:00:00]} 0-1

[Event "14e Tournoi des 55 ans et plus de Muret"]
[Site "MURET (31)"]
[Date "2015.06.22"]
[Round "7.4"]
[White "Krauss, Michel"]
[Black "Maruejols, Claude"]
[Result "1-0"]
[WhiteElo "1960"]
[BlackElo "1954"]
[PlyCount "59"]
[EventDate "2015.??.??"]

1. e4 {[%emt 0:00:00]} c5 {[%emt 0:00:00]} 2. Nf3 {[%emt 0:00:00]} d6 {
[%emt 0:00:00]} 3. Bb5+ {[%emt 0:00:00]} Nc6 {[%emt 0:00:00]} 4. d4 {
[%emt 0:00:00]} cxd4 {[%emt 0:00:00]} 5. Nxd4 {[%emt 0:00:00]} Bd7 {
[%emt 0:00:00]} 6. O-O {[%emt 0:00:00]} Nf6 {[%emt 0:00:00]} 7. Re1 {
[%emt 0:00:00]} e6 {[%emt 0:00:00]} 8. Nc3 {[%emt 0:00:00]} Be7 {[%emt 0:00:00]
} 9. Bg5 {[%emt 0:00:00]} O-O {[%emt 0:00:00]} 10. Nxc6 {[%emt 0:00:00]} bxc6 {
[%emt 0:00:00]} 11. Bf1 {[%emt 0:00:00]} Qc7 {[%emt 0:00:00]} 12. Qd3 {
[%emt 0:00:00]} h6 {[%emt 0:00:00]} 13. Bd2 {[%emt 0:00:00]} Rab8 {
[%emt 0:00:00]} 14. b3 {[%emt 0:00:00]} c5 {[%emt 0:00:00]} 15. Ne2 {
[%emt 0:00:00]} Bc6 {[%emt 0:00:00]} 16. Ng3 {[%emt 0:00:00]} d5 {
[%emt 0:00:00]} 17. exd5 {[%emt 0:00:00]} Nxd5 {[%emt 0:00:00]} 18. Qc4 {
[%emt 0:00:00]} Rfd8 {[%emt 0:00:00]} 19. Rad1 {[%emt 0:00:00]} Rd7 {
[%emt 0:00:00]} 20. Nh5 {[%emt 0:00:00]} Bf8 {[%emt 0:00:00]} 21. Qg4 {
[%emt 0:00:00]} Kh8 {[%emt 0:00:00]} 22. c4 {[%emt 0:00:00]} Ne7 {
[%emt 0:00:00]} 23. Bf4 {[%emt 0:00:00]} Qb7 {[%emt 0:00:00]} 24. Bxb8 {
[%emt 0:00:00]} Qxb8 {[%emt 0:00:00]} 25. Rxd7 {[%emt 0:00:00]} Bxd7 {
[%emt 0:00:00]} 26. Rd1 {[%emt 0:00:00]} Bc6 {[%emt 0:00:00]} 27. Qf4 {
[%emt 0:00:00]} Qxf4 {[%emt 0:00:00]} 28. Nxf4 {[%emt 0:00:00]} g5 {
[%emt 0:00:00]} 29. Rd8 {[%emt 0:00:00]} Kg8 {[%emt 0:00:00]} 30. Nd3 {
[%emt 0:00:00]} 1-0

[Event "14e Tournoi des 55 ans et plus de Muret"]
[Site "MURET (31)"]
[Date "2015.06.22"]
[Round "7.5"]
[White "Hocher, Eugene"]
[Black "Jean, Robert"]
[Result "1-0"]
[WhiteElo "1591"]
[BlackElo "1778"]
[Annotator ",cash31"]
[PlyCount "51"]
[EventDate "2015.??.??"]

1. Nf3 {[%emt 0:00:00]} Nf6 {[%emt 0:00:00]} 2. d4 {[%emt 0:00:00]} g6 {
[%emt 0:00:00]} 3. Nbd2 {[%emt 0:00:00]} Bg7 {[%emt 0:00:00]} 4. e4 {
[%emt 0:00:00]} d6 {[%emt 0:00:00]} 5. Bd3 {[%emt 0:00:00]} O-O {[%emt 0:00:00]
} 6. c3 {[%emt 0:00:00]} Nbd7 {[%emt 0:00:00]} 7. O-O {[%emt 0:00:00]} e5 {
[%emt 0:00:00]} 8. Re1 {[%emt 0:00:00]} Re8 {[%emt 0:00:00]} 9. Qc2 {
[%emt 0:00:00]} c6 {[%emt 0:00:00]} 10. Nc4 {[%emt 0:00:00]} Qc7 {
[%emt 0:00:00]} 11. b3 {[%emt 0:00:00]} Nh5 {[%emt 0:00:00]} 12. Bb2 {
[%emt 0:00:00]} d5 {[%emt 0:00:00]} 13. exd5 {[%emt 0:00:00]} cxd5 {
[%emt 0:00:00]} 14. Ncxe5 {[%emt 0:00:00]} Nxe5 {[%emt 0:00:00]} 15. Nxe5 {
[%emt 0:00:00]} Bxe5 {[%emt 0:00:00]} 16. dxe5 {[%emt 0:00:00]} Nf4 {
[%emt 0:00:00]} 17. Bf1 {[%emt 0:00:00]} Rxe5 {[%emt 0:00:00]} 18. Rxe5 {
[%emt 0:00:00]} Qxe5 {[%emt 0:00:00]} 19. c4 {[%emt 0:00:00]} d4 {
[%emt 0:00:00]} 20. Qd2 {[%emt 0:00:00]} Ne6 {[%emt 0:00:00]} 21. Rd1 {
[%emt 0:00:00]} Bd7 {[%emt 0:00:00]} 22. Bxd4 {[%emt 0:00:00]} Nxd4 {
[%emt 0:00:00]} 23. Qxd4 {[%emt 0:00:00]} Qxd4 {[%emt 0:00:00]} 24. Rxd4 {
[%emt 0:00:00]} a6 {[%emt 0:00:00]} 25. Re4 {[%emt 0:00:00]} Bc6 {
[%emt 0:00:00]} 26. Re7 {[%emt 0:00:00]} 1-0

[Event "14e Tournoi des 55 ans et plus de Muret"]
[Site "MURET (31)"]
[Date "2015.06.22"]
[Round "7.6"]
[White "Tholey, Jean-Paul"]
[Black "Fora, Jean-Paul"]
[Result "1-0"]
[WhiteElo "1845"]
[BlackElo "1533"]
[PlyCount "76"]
[EventDate "2015.??.??"]

1. d4 {[%emt 0:00:00]} e6 {[%emt 0:00:00]} 2. e4 {[%emt 0:00:00]} c5 {
[%emt 0:00:00]} 3. d5 {[%emt 0:00:00]} exd5 {[%emt 0:00:00]} 4. exd5 {
[%emt 0:00:00]} d6 {[%emt 0:00:00]} 5. Bb5+ {[%emt 0:00:00]} Bd7 {
[%emt 0:00:00]} 6. Qd3 {[%emt 0:00:00]} Bxb5 {[%emt 0:00:00]} 7. Qxb5+ {
[%emt 0:00:00]} Qd7 {[%emt 0:00:00]} 8. Nc3 {[%emt 0:00:00]} a6 {[%emt 0:00:00]
} 9. Qxd7+ {[%emt 0:00:00]} Nxd7 {[%emt 0:00:00]} 10. Bf4 {[%emt 0:00:00]} Ngf6
{[%emt 0:00:00]} 11. O-O-O {[%emt 0:00:00]} O-O-O {[%emt 0:00:00]} 12. Nf3 {
[%emt 0:00:00]} h6 {[%emt 0:00:00]} 13. h3 {[%emt 0:00:00]} g5 {[%emt 0:00:00]}
14. Bh2 {[%emt 0:00:00]} Kc7 {[%emt 0:00:00]} 15. Rhe1 {[%emt 0:00:00]} Re8 {
[%emt 0:00:00]} 16. Rxe8 {[%emt 0:00:00]} Nxe8 {[%emt 0:00:00]} 17. Ne4 {
[%emt 0:00:00]} f5 {[%emt 0:00:00]} 18. Ng3 {[%emt 0:00:00]} f4 {[%emt 0:00:00]
} 19. Ne4 {[%emt 0:00:00]} Nef6 {[%emt 0:00:00]} 20. Nfxg5 {[%emt 0:00:00]}
hxg5 {[%emt 0:00:00]} 21. Nxg5 {[%emt 0:00:00]} Bh6 {[%emt 0:00:00]} 22. Ne6+ {
[%emt 0:00:00]} Kb6 {[%emt 0:00:00]} 23. Bxf4 {[%emt 0:00:00]} Bxf4+ {
[%emt 0:00:00]} 24. Nxf4 {[%emt 0:00:00]} Re8 {[%emt 0:00:00]} 25. g3 {
[%emt 0:00:00]} Ne5 {[%emt 0:00:00]} 26. b3 {[%emt 0:00:00]} Nf3 {
[%emt 0:00:00]} 27. h4 {[%emt 0:00:00]} Re1 {[%emt 0:00:00]} 28. Rxe1 {
[%emt 0:00:00]} Nxe1 {[%emt 0:00:00]} 29. Kd2 {[%emt 0:00:00]} Nf3+ {
[%emt 0:00:00]} 30. Ke3 {[%emt 0:00:00]} Ne5 {[%emt 0:00:00]} 31. f3 {
[%emt 0:00:00]} Kc7 {[%emt 0:00:00]} 32. g4 {[%emt 0:00:00]} Kd7 {
[%emt 0:00:00]} 33. g5 {[%emt 0:00:00]} Ng8 {[%emt 0:00:00]} 34. Ke4 {
[%emt 0:00:00]} Ke7 {[%emt 0:00:00]} 35. h5 {[%emt 0:00:00]} Kf7 {
[%emt 0:00:00]} 36. Ne6 {[%emt 0:00:00]} Ke7 {[%emt 0:00:00]} 37. h6 {
[%emt 0:00:00]} Nf7 {[%emt 0:00:00]} 38. h7 {[%emt 0:00:00]} Nxg5+ {
[%emt 0:00:00]} 1-0

[Event "14e Tournoi des 55 ans et plus de Muret"]
[Site "MURET (31)"]
[Date "2015.06.22"]
[Round "7.7"]
[White "Orlovic, Isa"]
[Black "Gregory, Daniel"]
[Result "0-1"]
[WhiteElo "1868"]
[BlackElo "2055"]
[PlyCount "89"]
[EventDate "2015.??.??"]

1. Nf3 {[%emt 0:00:00]} d5 {[%emt 0:00:00]} 2. d4 {[%emt 0:00:00]} Nf6 {
[%emt 0:00:00]} 3. Bf4 {[%emt 0:00:00]} c5 {[%emt 0:00:00]} 4. e3 {
[%emt 0:00:00]} Nc6 {[%emt 0:00:00]} 5. c3 {[%emt 0:00:00]} Bg4 {[%emt 0:00:00]
} 6. Be2 {[%emt 0:00:00]} e6 {[%emt 0:00:00]} 7. Ne5 {[%emt 0:00:00]} Bxe2 {
[%emt 0:00:00]} 8. Qxe2 {[%emt 0:00:00]} Qb6 {[%emt 0:00:00]} 9. O-O {
[%emt 0:00:00]} Be7 {[%emt 0:00:00]} 10. dxc5 {[%emt 0:00:00]} Bxc5 {
[%emt 0:00:00]} 11. Nd3 {[%emt 0:00:00]} Be7 {[%emt 0:00:00]} 12. Nd2 {
[%emt 0:00:00]} O-O {[%emt 0:00:00]} 13. Rfb1 {[%emt 0:00:00]} Rfc8 {
[%emt 0:00:00]} 14. Ne5 {[%emt 0:00:00]} Nxe5 {[%emt 0:00:00]} 15. Bxe5 {
[%emt 0:00:00]} Rc6 {[%emt 0:00:00]} 16. Bd4 {[%emt 0:00:00]} Qc7 {
[%emt 0:00:00]} 17. e4 {[%emt 0:00:00]} dxe4 {[%emt 0:00:00]} 18. Bxf6 {
[%emt 0:00:00]} Bxf6 {[%emt 0:00:00]} 19. Nxe4 {[%emt 0:00:00]} Be7 {
[%emt 0:00:00]} 20. Re1 {[%emt 0:00:00]} a6 {[%emt 0:00:00]} 21. Rad1 {
[%emt 0:00:00]} Rd8 {[%emt 0:00:00]} 22. Rxd8+ {[%emt 0:00:00]} Bxd8 {
[%emt 0:00:00]} 23. Rd1 {[%emt 0:00:00]} f5 {[%emt 0:00:00]} 24. Ng3 {
[%emt 0:00:00]} Be7 {[%emt 0:00:00]} 25. h3 {[%emt 0:00:00]} Rd6 {
[%emt 0:00:00]} 26. Re1 {[%emt 0:00:00]} g6 {[%emt 0:00:00]} 27. Qe5 {
[%emt 0:00:00]} Qd8 {[%emt 0:00:00]} 28. Qe2 {[%emt 0:00:00]} Bf6 {
[%emt 0:00:00]} 29. Qc4 {[%emt 0:00:00]} Qd7 {[%emt 0:00:00]} 30. Qb3 {
[%emt 0:00:00]} Kg7 {[%emt 0:00:00]} 31. Nf1 {[%emt 0:00:00]} e5 {
[%emt 0:00:00]} 32. Ne3 {[%emt 0:00:00]} e4 {[%emt 0:00:00]} 33. Nc4 {
[%emt 0:00:00]} Rd3 {[%emt 0:00:00]} 34. Nb6 {[%emt 0:00:00]} Qc6 {
[%emt 0:00:00]} 35. a4 {[%emt 0:00:00]} Bd4 {[%emt 0:00:00]} 36. Nc4 {
[%emt 0:00:00]} b5 {[%emt 0:00:00]} 37. axb5 {[%emt 0:00:00]} axb5 {
[%emt 0:00:00]} 38. Na3 {[%emt 0:00:00]} e3 {[%emt 0:00:00]} 39. fxe3 {
[%emt 0:00:00]} Bxe3+ {[%emt 0:00:00]} 40. Rxe3 {[%emt 0:00:00]} Rxe3 {
[%emt 0:00:00]} 41. Qxb5 {[%emt 0:00:00]} Qe4 {[%emt 0:00:00]} 42. Qd7+ {
[%emt 0:00:00]} Kh6 {[%emt 0:00:00]} 43. Qd2 {[%emt 0:00:00]} f4 {
[%emt 0:00:00]} 44. Qd4 {[%emt 0:00:00]} Qf5 {[%emt 0:00:00]} 45. Nc4 {
[%emt 0:00:00]} 0-1

[Event "14e Tournoi des 55 ans et plus de Muret"]
[Site "MURET (31)"]
[Date "2015.06.22"]
[Round "7.8"]
[White "De Biasi, Robert"]
[Black "Koenig, Joel"]
[Result "1/2-1/2"]
[WhiteElo "1603"]
[BlackElo "1854"]
[PlyCount "72"]
[EventDate "2015.??.??"]

1. c4 {[%emt 0:00:00]} Nc6 {[%emt 0:00:00]} 2. Nc3 {[%emt 0:00:00]} Nf6 {
[%emt 0:00:00]} 3. g3 {[%emt 0:00:00]} e5 {[%emt 0:00:00]} 4. Bg2 {
[%emt 0:00:00]} Bc5 {[%emt 0:00:00]} 5. e3 {[%emt 0:00:00]} O-O {[%emt 0:00:00]
} 6. a3 {[%emt 0:00:00]} a5 {[%emt 0:00:00]} 7. Nge2 {[%emt 0:00:00]} d6 {
[%emt 0:00:00]} 8. O-O {[%emt 0:00:00]} Bg4 {[%emt 0:00:00]} 9. f3 {
[%emt 0:00:00]} Bf5 {[%emt 0:00:00]} 10. d4 {[%emt 0:00:00]} exd4 {
[%emt 0:00:00]} 11. exd4 {[%emt 0:00:00]} Ba7 {[%emt 0:00:00]} 12. Kh1 {
[%emt 0:00:00]} h6 {[%emt 0:00:00]} 13. Nb5 {[%emt 0:00:00]} Bb6 {
[%emt 0:00:00]} 14. Nec3 {[%emt 0:00:00]} Qd7 {[%emt 0:00:00]} 15. Na4 {
[%emt 0:00:00]} Bxd4 {[%emt 0:00:00]} 16. Nxd4 {[%emt 0:00:00]} Nxd4 {
[%emt 0:00:00]} 17. Qxd4 {[%emt 0:00:00]} Qxa4 {[%emt 0:00:00]} 18. Bxh6 {
[%emt 0:00:00]} Be6 {[%emt 0:00:00]} 19. Rac1 {[%emt 0:00:00]} b5 {
[%emt 0:00:00]} 20. Bg5 {[%emt 0:00:00]} Nh7 {[%emt 0:00:00]} 21. f4 {
[%emt 0:00:00]} Rab8 {[%emt 0:00:00]} 22. Bd5 {[%emt 0:00:00]} Bh3 {
[%emt 0:00:00]} 23. Rf2 {[%emt 0:00:00]} Rfe8 {[%emt 0:00:00]} 24. Bc6 {
[%emt 0:00:00]} Rec8 {[%emt 0:00:00]} 25. Qd3 {[%emt 0:00:00]} Rb6 {
[%emt 0:00:00]} 26. Bxb5 {[%emt 0:00:00]} Rxb5 {[%emt 0:00:00]} 27. cxb5 {
[%emt 0:00:00]} Bd7 {[%emt 0:00:00]} 28. b6 {[%emt 0:00:00]} Bc6+ {
[%emt 0:00:00]} 29. Kg1 {[%emt 0:00:00]} cxb6 {[%emt 0:00:00]} 30. Qxd6 {
[%emt 0:00:00]} Qe4 {[%emt 0:00:00]} 31. Rxc6 {[%emt 0:00:00]} Rxc6 {
[%emt 0:00:00]} 32. Qd2 {[%emt 0:00:00]} Qb1+ {[%emt 0:00:00]} 33. Rf1 {
[%emt 0:00:00]} Qf5 {[%emt 0:00:00]} 34. Qd8+ {[%emt 0:00:00]} Nf8 {
[%emt 0:00:00]} 35. Be7 {[%emt 0:00:00]} Rc8 {[%emt 0:00:00]} 36. Qxb6 {
[%emt 0:00:00]} Ng6 {[%emt 0:00:00]} 1/2-1/2